Guess the College Basketball players by picture - 2006 - Statistics

General Stats
  • This quiz has been taken 3 times
  • The average score is 5 of 16
Answer Stats
Picture Answer % Correct
Aaron Brooks
100%
Acie Law IV
100%
Corey Brewer
100%
Aaron gray
33%
Drew Neitzel
33%
Joey Dorsey
33%
Julian Wright
33%
Nick Fazekas
33%
Thaddeus Young
33%
Aaron Affalo
0%
Alando Tucker
0%
DJ Strawberry
0%
Gabe Pruitt
0%
Ron Lewis
0%
Sean Singletary
0%
Taurean Green
0%
No matching quizzes found
Score Distribution
Percent of People with Each Score
Percentile by Number Answered
Your Score History
You have not taken this quiz